Aquellas mujercitas / (Registro nro. 10839)

Detalles MARC
000 -LIDER
fixed length control field 00825nam a22002777a 4500
001 - NÚMERO DE CONTROL
Identificador de número de control 00772
003 - IDENTIFICACDOR DE NÚMERO DE CONTROL
control field DO-SdBPM
005 - DATE AND TIME OF LATEST TRANSACTION
control field 20241204085308.0
007 - CAMPOS FIJOS DE DESCRIPCIÓN FÍSICA
fixed length control field 00772
008 - ELEMENTOS DE LONGITUD FIJA
fixed length control field 160712b1968 sp 00| 0 spa d
040 ## - FUENTE DE CATALOGACIÓN
Agencia que crea de manera original el registro DO-SdBPM
Idioma de catalogación spa
Agencia que realiza la transcripción BPMSU
082 #4 - NÚMERO DE CLASIFICACIÓN DECIMAL DE DEWEY
Classification number 813.4
Item number A355m 1968
Edition number 22
092 ## - LOCALLY ASSIGNED DEWEY DECIMAL CALL NUMBER
Número de clasificación xxxxxxx
Número de ítem (Cutter) xxxxxxx
100 1# - ASIENTO PRINCIPAL -- NOMBRE PERSONAL
Nombre personal Alcott, Luisa M.
Fechas asociadas con el nombre 1832-1888
240 10 - TITULO UNIFORME
Título uniforme Those little women
Idioma de una obra español
245 1# - MENCIÓN DE TITULO
Título Aquellas mujercitas /
Mención de responsabilidad Luisa M. Alcott ; traducción E. M
260 ## - PUBLICACIÓN, DISTRIBUCIÓN, ETC. (PIE DE IMPRENTA)
Lugar de publicación, distribución, etc Barcelona :
Nombre del editor, distribuidor, etc. Editorial Molino,
Fecha de publicación, distribución, etc 1968.
300 ## - DESCRIPCIÓN FÍSICA
Extensión 207 p. ;
Dimensiones 22 cm.
490 0# - MENCIÓN DE SERIES
Mención de serie Obras juveniles,
Volume/sequential designation 18
590 ## - NOTA LOCAL
Texto de la nota local Inventariado, 2024/VM
650 #4 - ENCABEZAMIENTO DE MATERIA--TEMÁTICO
Término temático o nombre geográfico como elemento de entrada Novela juvenil estadounidense
650 #4 - ENCABEZAMIENTO DE MATERIA--TEMÁTICO
Término temático o nombre geográfico como elemento de entrada Literatura juvenil estadounidense
700 1# - ASIENTO SECUNDARIO -- NOMBRE PERSONAL
Nombre personal M., E
Mención de responsabilidad traductor
910 ## - VALIDACIÓN
Validación VMateo V. Control de calidad. BPMSU
942 ## - ADDED ENTRY ELEMENTS (KOHA)
Source of classification or shelving scheme Dewey Decimal Classification
Koha item type Libros
Existencias
Withdrawn status Lost status Source of classification or shelving scheme Damaged status Not for loan Collection code Home library Current library Date acquired Source of acquisition Total Checkouts Full call number Barcode Date last seen Price effective from Koha item type
    Dewey Decimal Classification       Biblioteca Pública Metropolitana Salomé Ureña Biblioteca Pública Metropolitana Salomé Ureña 07/12/2016 Donación   BPMSU CJG 813.4 A355m 1968 BPMSU16070413 07/12/2016 07/12/2016 Libros